Карта-схема боевых действий 59-й армии 1-го Украинского фронта в ходе Висло-Одерской наступательной операции

RUSMARC
00004845cem0a2200349#x 450
001e1d7a7b6-02cc-4ebd-8797-547de650aade
00520250210151001.0
100##$a20250210j19450202k###0rusy50 ca
1010#$arus
102##$aRU
120##$abyy##########
121##$aa##aаbb#a
1220#$ad19450202##
1231#$aa
$b100000
124##$bd
2001#$aКарта-схема боевых действий 59-й армии 1-го Украинского фронта в ходе Висло-Одерской наступательной операции
$j2 февраля 1945 г.
251##$cДокумент
300##$aПодлинник
300##$aМасштаб 1:100 000, 1 км в 1 см
461#0$12001
$aФ. 236
$1251
$cФонд
$1852
$j236
462#0$12001
$aОп. 2673
$1251
$cОпись
$1852
$j2673
462#0$12001
$aД. 2014
$vЛ. 1
$1251
$cДело
$1852
$j2014
60102$2nlr_sh
$3RU\NLR\AUTH\6601548633
$aУкраинский фронт
$c1; 1943 - 1945
$jКарты
605##$2prlib_sh
$3LIBNET\UAF\0000088514
$aВторая мировая война в архивных документах (Комплекс оцифрованных архивных документов, кино- и фотоматериалов)
$lколлекция
6061#$2nlr_sh
$3RU\NLR\AUTH\66252923
$aВисло-Одерская операция
$y1945
$jКарты
608##$2prlib_sh
$3DITM\AF\0000000377
$aВоенно-исторические карты
686##$a63.3(2)622,13я64
$2rubbk
$vLBC/M
801#0$aRU
$bПБ им. Б.Н. Ельцина
$c20250210
801#1$aRU
$bПБ им. Б.Н. Ельцина
$c20250210
$2rusmarc
801#2$aRU
$bПБ им. Б.Н. Ельцина
$c20250210
$2rusmarc
850##$aЦентральный архив Министерства обороны Российской Федерации
852##$aЦА МО РФ
$jЛ. 1
035##$aLIBNET\0001453570
937##$d196090056
$hФедеральное архивное агентство
8564#$uhttp://readingroom.main.prlib.ru/item.aspx?id_node=n196090056&mode=full
Формат отображения